01602nam a22003977a 4500003000500000005001700005008004100022010001000063011001000073035001000083040000900093090001000102100004100112245011800153260004000271300002200311502008700333590003700420590004100457590004100498590004100539590004100580590004200621650003100663650003100694650004300725650002100768650003700789901000700826942000900833949004300842949004800885999001700933952012600950952012801076CHAP20220329140226.0971013s1988 r 00010 d a48847 a49819 a53969 cCHAP aTesis00aRivas Manzano, Irma Victoria.997564 aCambios en el vecindario de Bouteloua gracilis por la exclusión del pastoreo en el Gran Tunal San Luis Potosí aChapingo, Méx. :bEl autor,c1988 a85 h.b; gráfs. aTesis (M. C. Esp. en Botánica) -- Colegio de Postgraduados. Centro de Botánica aALEPHb10c20130110lUCH01h1321 aBATCH-UPDb10c20130110lUCH01h0206 aBATCH-UPDb10c20130110lUCH01h1837 aBATCH-UPDb10c20130410lUCH01h1208 aBATCH-UPDb10c20130914lUCH01h0744 aCONVERSIONb10c20130109lUCH01h132714aBouteloua gracilis.91479714aEcología vegetal.93518814aGramíneasxSan Luis Potosí.95028814aPastoreo.98598414aVegetación secundaria.9118328 aBK cFOLL bBCcTESd-119343eTS1h20485i53969si bBCcTESd-119345eTS2fc.2h20486i53969si c48847d48847 00102local4053708TESISaBCbBCcPA_TESISd2019-12-31fTESISl0p-119345r2019-12-31 00:00:00tc.2w2019-12-31yTESIS 00102local4051708TESISaBCbBCcPA_TESISd2019-12-31fTESISl0oTesisp-119343r2019-12-31 00:00:00w2019-12-31yTESIS